00559cam a22002171 4500001001300000003000400013005001700017008004100034010001700075025001900092035002000111040001800131042001200149050001900161100002300180245002800203260004300231300002800274651002200302999001700324sa 64001624 DLC20260227112003.0861115s1954 pk 000 0 eng  asa 64001624  aPL480:EP-E-124 a(OCoLC)14720231 aDLCcWaUdDLC apremarc00aDS485.J22bA551 aAli, Syed Murtaza.14aThe history of Jaintia. a[Dacca]bA.N.M. Sulaiman, pref.c1954] aii, iii, 101 p.c18 cm. 0aJaintia (Kingdom) c56837d56837